| 000 | 00955nam a2200265 i 4500 | ||
|---|---|---|---|
| 001 | 168421 | ||
| 003 | ES-MaACL | ||
| 005 | 20230906213804.0 | ||
| 008 | 131115s1985 sp |||| | spa d | ||
| 020 | _a84-398-4960-5 | ||
| 080 | _a013=134.2 | ||
| 080 | _a016:091"04/14" | ||
| 080 | _a016:091=134.2 | ||
| 245 | 0 | 0 |
_aTesoros de España _b: ten centuries of Spanish books : the New York Public Library, [october 12-december 30, 1985]. |
| 260 |
_a[Madrid] : _bDirección General del Libro y Bibliotecas, _cD.L. 1985. |
||
| 300 |
_a440 p. : _bil. col. y n. ; _c28 cm. |
||
| 500 | _aTexto paralelo en inglés y español. | ||
| 650 | 4 |
_aManuscritos medievales- _vExposiciones. _9153840 |
|
| 650 | 4 |
_aManuscritos españoles- _vExposiciones. _9153841 |
|
| 650 | 4 |
_aLibros españoles- _vExposiciones. _9153842 |
|
| 655 | 7 |
_2tgfbne _9193628 _aCatálogos de exposiciones |
|
| 852 | 1 |
_aBA _jC-55020 |
|
| 942 | _2udc | ||
| 999 |
_c168421 _d168421 |
||